Guess the 90s Song From the Music Video - Statistics

General Stats
  • This quiz has been taken 58 times
  • The average score is 9 of 16
Answer Stats
Picture Answer % Correct
Oasis / Wonderwall
81%
Spice Girls / Wannabe
79%
Los del Rio / Macarena
77%
Madonna / Vogue
67%
Radiohead / Creep
67%
Smash Mouth / All Star
65%
November Rain / Guns N' Roses
62%
Eminem / My Name Is
60%
Genie in a Bottle / Christina Aguilera
58%
Red Hot Chili Peppers / Californication
58%
Nirvana / Heart Shaped Box
56%
The Cranberries / Zombie
56%
Pearl Jam / Jeremy
46%
Aerosmith / Crazy
37%
R.E.M. / Losing My Religion
35%
Bon Jovi / Always
17%
No matching quizzes found
Score Distribution
Percent of People with Each Score
Percentile by Number Answered
Your Score History
You have not taken this quiz